000 00192 a2200097 4500
020 _a9789507715785
041 _aspa
100 _aErbiti, Alejandra
245 _aRimas con alegria
942 _cBK
999 _c30902
_d30900